Đạo Khổng trong văn Bác Hồ Trích lục và chú giải 1921 - 1969

Gespeichert in:
Bibliographische Detailangaben
1. Verfasser: Đào, Phan
Format: Buch
Sprache:Undetermined
Veröffentlicht: Hà Nội VHTT 1996
Schlagworte:
Tags: Tag hinzufügen
Keine Tags, Fügen Sie den ersten Tag hinzu!
Thư viện lưu trữ: Trung tâm Học liệu Trường Đại học Cần Thơ
LEADER 00553nam a2200193Ia 4500
001 CTU_4453
008 210402s9999 xx 000 0 und d
082 |a 895.92209 
082 |b Ph105 
100 |a Đào, Phan 
245 0 |a Đạo Khổng trong văn Bác Hồ 
245 0 |b Trích lục và chú giải 1921 - 1969 
245 0 |c Đào Phan 
260 |a Hà Nội 
260 |b VHTT 
260 |c 1996 
650 |a vietnamese literature 
650 |x history and criticism 
980 |a Trung tâm Học liệu Trường Đại học Cần Thơ